LIBRARY & INFORMATION CENTRE, KCAET, TAVANUR

ONLINE PUBLIC ACCESS CATALOGUE (OPAC)

Chuvanna ghadikaram (Record no. 16331)

MARC details
000 -LEADER
fixed length control field 00215nam a22000977a 4500
003 - CONTROL NUMBER IDENTIFIER
control field OSt
008 - FIXED-LENGTH DATA ELEMENTS--GENERAL INFORMATION
fixed length control field 200922b ||||| |||| 00| 0 eng d
100 ## - MAIN ENTRY--AUTHOR NAME
Personal name Mohammed, K T
245 ## - TITLE STATEMENT
Title Chuvanna ghadikaram
942 ## - ADDED ENTRY ELEMENTS (KOHA)
Koha item type Books
Holdings
Withdrawn status Lost status Damaged status Home library Current library Date acquired Cost, normal purchase price Accession Number Koha item type
Withdrawn     KAUAET KAUAET 22/09/2020 2.00 1615 Books
Withdrawn     KAUAET KAUAET 02/02/2021   7926 Books
free website counter